The Mammalian Y chromosome : molecular search for the sex- determining factor /

Animal information

Bibliographic Details
Corporate Author: British Society for Developmental Biology. Meeting
Other Authors: Goodfellow, P. (Peter), 1951-
Format: Book
Language:English
Published: Cambridge [England] : Company of Biologists, [1987]
Series:Development ; v. 101, suppl.
Subjects:

MARC

Tag First Indicator Second Indicator Subfields
LEADER 00000cam a2200000 a 4500
001 in00004457213
005 20191202121231.0
008 880120s1987 enka b 10100 eng d
035 |a (OCoLC)17364712 
035 |z (UtOrBLW)4126 
035 |a 6231 
040 |a EUE  |c EUE  |d PPC  |d LDL  |d AGX  |d PIT  |d TMV  |d UtOrBLW 
049 |a TMVM  |c 1 
060 4 |a QH 600.5  |b M265 1987 
245 0 4 |a The Mammalian Y chromosome :  |b molecular search for the sex- determining factor /  |c edited by P.N. Goodfellow [and others]. 
264 1 |a Cambridge [England] :  |b Company of Biologists,  |c [1987] 
264 4 |c ©1987 
300 |a 203 pages :  |b illustrations ;  |c 29 cm. 
336 |a text  |2 rdacontent  |b txt 
337 |a unmediated  |2 rdamedia 
338 |a volume  |2 rdacarrier  |b nc 
490 1 |a Development ;  |v v. 101, suppl 
500 |a "Papers presented at a meeting of the British Society for Developmental Biology at the University of Oxford, March 1987". 
504 |a Includes bibliographies and indexes. 
520 8 |a Animal information 
650 2 |a Sex Determination Processes. 
650 2 |a Y Chromosome. 
655 7 |a Congresses.  |2 mesh 
700 1 |a Goodfellow, P.  |q (Peter),  |d 1951- 
710 2 |a British Society for Developmental Biology.  |b Meeting  |d (1987 :  |c University of Oxford) 
830 0 |a Development ;  |v v. 101, suppl. 
948 |a Keep per EC, 2003 evaluation; retention reasons in 505, 520, 599, or 650 fields; 11/17/2003, sg. 
999 |a MARS 
999 f f |s dc169129-42dd-3dd0-ac2c-6780bdad9b3d  |i 4d562a72-9a52-37ce-8579-fba6c7798a48  |t 0 
952 f f |p ric  |a Texas A&M University  |b Rellis Campus  |c Joint Library Facility  |d Remote Storage  |t 0  |e QH 600.5 M265 1987  |h National Library of Medicine classification  |i unmediated -- volume  |m 323890084799J 
998 f f |a QH 600.5 M265 1987  |t 0  |l Remote Storage